[Event "chess.com Speed 1m+1spm 2018"]
[Site "chess.com INT"]
[Date "2018.09.07"]
[Round "1.25"]
[White "Giri, Anish"]
[Black "Mamedyarov, Shakhriyar"]
[Result "1/2-1/2"]
[WhiteTitle "GM"]
[BlackTitle "GM"]
[WhiteElo "2782"]
[BlackElo "2801"]
[WhiteFideId "24116068"]
[BlackFideId "13401319"]
[EventDate "2018.07.24"]

1. e4 d6 2. d4 Nf6 3. Nc3 g6 4. Nf3 c6 5. Be3 Nbd7 6. Qd2 e5 7. O-O-O Qa5 8. Kb1
Bg7 9. Bh6 O-O 10. h4 b5 11. h5 b4 12. Ne2 Nxe4 13. Qe3 Ndf6 14. Bxg7 Kxg7 15.
hxg6 fxg6 16. dxe5 dxe5 17. Qh6+ Kg8 18. Ng5 Qc7 19. Nf4 Nxg5 20. Bc4+ Ne6 21.
Nxg6 Qg7 22. Nxf8 Kxf8 23. Rd6 Qxh6 24. Rxh6 Ke7 25. Rxc6 Bd7 26. Ra6 Rg8 27. g3
Rg6 28. Rxg6 hxg6 29. Bxe6 Bxe6 30. Rxa7+ Kd6 31. Ra6+ Ke7 32. Ra7+ Kd6 33. Ra6+
Ke7 34. Ra7+ Bd7 35. a3 bxa3 36. Rxa3 Ne4 37. Re3 Bc6 38. f3 Nd2+ 39. Kc1 Nxf3
40. b4 e4 41. c4 Bb7 42. Kc2 Ne5 43. Kc3 Ng4 44. Re1 e3 45. b5 Bf3 46. c5 e2 47.
Kd4 Kd7 48. c6+ Kd6 49. Rc1 Ne5 50. c7 Bb7 51. Ke3 e1=Q+ 52. Rxe1 Kxc7 53. Rd1
Nc4+ 54. Kf4 Na3 55. Kg5 Be4 56. Re1 Bc2 57. Rc1 Kb6 58. Rxc2 Nxc2 59. Kxg6 Ne3
60. Kg5 Kxb5 61. Kf4 Nd5+ 62. Ke5 Kc6 63. g4 Ne3 64. g5 Kd7 65. g6 Ke7 66. g7
Kf7 67. g8=Q+ Kxg8 1/2-1/2

[Event "chess.com Speed 1m+1spm 2018"]
[Site "chess.com INT"]
[Date "2018.09.07"]
[Round "1.26"]
[White "Mamedyarov, Shakhriyar"]
[Black "Giri, Anish"]
[Result "1-0"]
[WhiteTitle "GM"]
[BlackTitle "GM"]
[WhiteElo "2801"]
[BlackElo "2782"]
[WhiteFideId "13401319"]
[BlackFideId "24116068"]
[EventDate "2018.07.24"]

1. d4 Nf6 2. Bg5 d5 3. Bxf6 gxf6 4. e3 c5 5. Nf3 e6 6. c4 dxc4 7. Nc3 cxd4 8.
exd4 Bg7 9. Bxc4 O-O 10. O-O f5 11. Re1 Nd7 12. a3 Nb6 13. Ba2 Bd7 14. d5 exd5
15. Nxd5 Nxd5 16. Qxd5 Be6 17. Qxb7 Rb8 18. Qxa7 Bxb2 19. Bxe6 Bxa1 20. Bxf5 Bc3
21. Rf1 Qf6 22. g4 Kg7 23. Qe3 Rfe8 24. Qf4 Be5 25. Qc4 Ra8 26. a4 Bd6 27. Kg2
h5 28. Rd1 hxg4 29. Qxg4+ Kf8 30. Ng5 Qh6 31. h4 Re5 32. Be4 Rae8 33. Bd5 R8e7
34. a5 Bc5 35. a6 Re2 36. Nh3 Qf6 37. Qc8+ Kg7 38. Qxc5 Qf5 39. Qd4+ f6 40. Bf3
R2e4 41. Bxe4 Rxe4 42. Qd7+ Qxd7 43. Rxd7+ Kg6 44. a7 Rg4+ 45. Kf3 Ra4 46. Nf4+
Kf5 47. Nd5 Ra3+ 48. Kg2 Ke6 49. Nb6 Ra6 50. Rb7 Kf5 51. a8=Q Rxa8 52. Nxa8 Kg4
53. Rb5 Kxh4 54. Nc7 f5 55. Ne6 f4 56. Rf5 Kg4 57. Rxf4+ Kh5 58. Rf6 Kg4 59. f3+
Kh4 60. Kf2 Kh3 61. Ke3 Kg2 62. Rg6+ Kf1 63. Rg5 Ke1 64. Rg1# 1-0

[Event "chess.com Speed 1m+1spm 2018"]
[Site "chess.com INT"]
[Date "2018.09.07"]
[Round "1.27"]
[White "Giri, Anish"]
[Black "Mamedyarov, Shakhriyar"]
[Result "0-1"]
[WhiteTitle "GM"]
[BlackTitle "GM"]
[WhiteElo "2782"]
[BlackElo "2801"]
[WhiteFideId "24116068"]
[BlackFideId "13401319"]
[EventDate "2018.07.24"]

1. e4 d6 2. d4 Nf6 3. Nc3 g6 4. Nf3 Bg7 5. Be3 O-O 6. Qd2 c6 7. Bh6 b5 8. Bd3
Bg4 9. h4 Nbd7 10. h5 Bxh5 11. O-O-O b4 12. Ne2 e5 13. Ng3 Bxh6 14. Qxh6 Ng4 15.
Qd2 Ndf6 16. Rh4 exd4 17. Nxh5 gxh5 18. e5 dxe5 19. Nxe5 Nxe5 20. Qg5+ Ng6 21.
f4 Nd5 22. Qxh5 Qxh4 0-1

[Event "chess.com Speed 1m+1spm 2018"]
[Site "chess.com INT"]
[Date "2018.09.07"]
[Round "1.28"]
[White "Mamedyarov, Shakhriyar"]
[Black "Giri, Anish"]
[Result "1-0"]
[WhiteTitle "GM"]
[BlackTitle "GM"]
[WhiteElo "2801"]
[BlackElo "2782"]
[WhiteFideId "13401319"]
[BlackFideId "24116068"]
[EventDate "2018.07.24"]

1. d4 Nf6 2. Nc3 d5 3. Bg5 Nbd7 4. f3 h6 5. Bh4 e6 6. e4 Be7 7. e5 Nh7 8. Bxe7
Qxe7 9. f4 b6 10. Nf3 Bb7 11. Bd3 O-O-O 12. a4 g5 13. f5 exf5 14. Bxf5 Kb8 15.
a5 f6 16. e6 Ndf8 17. O-O Nxe6 18. axb6 axb6 19. Re1 Nhf8 20. Qb1 c6 21. Qa2 Kc7
22. b4 Qd6 23. b5 c5 24. Kh1 Ng7 25. dxc5 Qxc5 26. Na4 Qd6 27. Nd4 h5 28. Qb3
Rb8 29. Qc3+ Kd8 30. Nxb6 g4 31. Na4 g3 32. Nc5 1-0

[Event "chess.com Speed 1m+1spm 2018"]
[Site "chess.com INT"]
[Date "2018.09.07"]
[Round "1.29"]
[White "Giri, Anish"]
[Black "Mamedyarov, Shakhriyar"]
[Result "1/2-1/2"]
[WhiteTitle "GM"]
[BlackTitle "GM"]
[WhiteElo "2782"]
[BlackElo "2801"]
[WhiteFideId "24116068"]
[BlackFideId "13401319"]
[EventDate "2018.07.24"]

1. e4 d6 2. d4 e6 3. Nc3 Nd7 4. f4 g6 5. Nf3 Bg7 6. Bd3 a6 7. O-O b5 8. a3 Ne7
9. Be3 Bb7 10. Kh1 c5 11. dxc5 Nxc5 12. Qe2 O-O 13. Rad1 Bxc3 14. bxc3 Nxe4 15.
Bd4 f5 16. Bxe4 fxe4 17. Ng5 Qd7 18. Nxe4 Bxe4 19. Qxe4 Rac8 20. Rfe1 Nf5 21.
Qxe6+ Qxe6 22. Rxe6 Rfe8 23. Rxe8+ Rxe8 24. g4 Nxd4 25. Rxd4 Re1+ 26. Kg2 Re2+
27. Kg1 Rxc2 28. Rxd6 Rxc3 29. Rxa6 Rc4 30. Ra5 Rxf4 31. h3 Rf3 32. Kg2 Rc3 33.
Rxb5 Rxa3 34. Rb8+ Kg7 35. Rb7+ Kh6 36. h4 Ra2+ 37. Kf3 Ra3+ 38. Kf2 Ra2+ 39.
Ke3 Ra3+ 40. Kd2 Ra2+ 41. Kc3 g5 42. Rb6+ Kg7 43. hxg5 Ra4 44. Kd3 Rxg4 45. Ke3
Rxg5 46. Kf4 Rg6 47. Rb7+ Kf6 48. Rb6+ Kg7 49. Rb7+ Kf6 50. Rb5 Kg7 51. Rb7+ 1/2-1/2

[Event "chess.com Speed 1m+1spm 2018"]
[Site "chess.com INT"]
[Date "2018.09.07"]
[Round "1.30"]
[White "Mamedyarov, Shakhriyar"]
[Black "Giri, Anish"]
[Result "0-1"]
[WhiteTitle "GM"]
[BlackTitle "GM"]
[WhiteElo "2801"]
[BlackElo "2782"]
[WhiteFideId "13401319"]
[BlackFideId "24116068"]
[EventDate "2018.07.24"]

1. d4 Nf6 2. Nf3 d5 3. Bg5 Nbd7 4. e3 h6 5. Bh4 e6 6. Nbd2 Be7 7. Bd3 b6 8. c3
Bb7 9. Qe2 Ne4 10. Bxe7 Qxe7 11. O-O O-O 12. Ba6 Bxa6 13. Qxa6 c5 14. Nxe4 dxe4
15. Nd2 Nf6 16. Rfd1 Rfd8 17. Rac1 Rac8 18. Nb3 cxd4 19. cxd4 Qd7 20. Nd2 g6 21.
h3 Kg7 22. Rc3 h5 23. Rdc1 Rxc3 24. bxc3 Qe7 25. c4 h4 26. c5 bxc5 27. Rxc5 Rb8
28. Nb3 Nd5 29. Qa5 Rb6 30. Qd2 Qb7 31. Qc2 Nb4 32. Qc3 Nxa2 33. Qa1 Rxb3 34.
d5+ Kh7 35. Qxa2 Rb1+ 36. Kh2 Qb8+ 37. g3 hxg3+ 38. Kg2 Rb2 39. Qa1 Rxf2+ 40.
Kg1 exd5 41. Rxd5 Qb2 42. Qxb2 Rxb2 43. Rd7 0-1

[Event "chess.com Speed 1m+1spm 2018"]
[Site "chess.com INT"]
[Date "2018.09.07"]
[Round "1.31"]
[White "Giri, Anish"]
[Black "Mamedyarov, Shakhriyar"]
[Result "1/2-1/2"]
[WhiteTitle "GM"]
[BlackTitle "GM"]
[WhiteElo "2782"]
[BlackElo "2801"]
[WhiteFideId "24116068"]
[BlackFideId "13401319"]
[EventDate "2018.07.24"]

1. e4 c6 2. d4 g6 3. Nc3 Bg7 4. Nf3 d6 5. Be3 b5 6. Bd3 Nd7 7. Qd2 b4 8. Ne2 c5
9. dxc5 Nxc5 10. Bxc5 dxc5 11. Bb5+ Bd7 12. Bxd7+ Qxd7 13. Qxd7+ Kxd7 14. O-O-O+
Kc6 15. Kb1 Nf6 16. Ne5+ Kc7 17. Nxf7 Nxe4 18. Nxh8 Rxh8 19. Rhf1 Kc6 20. f3 Nd6
21. Nf4 Nc4 22. Rfe1 Nxb2 23. Re6+ Kb5 24. Rd7 Na4 25. Nd5 Bd4 26. Kc1 Kc4 27.
Kd2 Rf8 28. Rexe7 Rf5 29. Ne3+ Bxe3+ 30. Rxe3 Nc3 31. Rxa7 Rd5+ 32. Rd3 Re5 33.
Re3 Rd5+ 34. Rd3 Re5 35. Re3 Rd5+ 1/2-1/2

[Event "chess.com Speed 1m+1spm 2018"]
[Site "chess.com INT"]
[Date "2018.09.07"]
[Round "1.32"]
[White "Mamedyarov, Shakhriyar"]
[Black "Giri, Anish"]
[Result "1/2-1/2"]
[WhiteTitle "GM"]
[BlackTitle "GM"]
[WhiteElo "2801"]
[BlackElo "2782"]
[WhiteFideId "13401319"]
[BlackFideId "24116068"]
[EventDate "2018.07.24"]

1. e4 e5 2. Nc3 Nf6 3. Bc4 Bb4 4. d3 O-O 5. Qf3 Nc6 6. Bd2 Nd4 7. Qd1 c6 8. Nge2
d5 9. Bb3 Nxb3 10. axb3 dxe4 11. Nxe4 Bxd2+ 12. Nxd2 Nd5 13. O-O Re8 14. Re1 Bg4
15. h3 Bh5 16. g4 Bg6 17. Nc4 Qc7 18. Qd2 Rad8 19. Ne3 Nf6 20. Rxa7 c5 21. Qa5
Qb8 22. Qxc5 h5 23. Ng3 hxg4 24. hxg4 e4 25. d4 Nd7 26. Qa5 Nf6 27. Qc5 Nd7 28.
Qa3 Nf6 29. Ra4 Qf4 30. Qc5 Nxg4 31. Nxg4 Qxg4 32. d5 f5 33. d6 f4 34. Qd5+ Bf7
35. Qf5 Qxf5 36. Nxf5 Re5 37. Ne7+ Kf8 38. Rd4 e3 39. fxe3 fxe3 40. c4 g6 41. b4
Kg7 42. c5 Rh8 43. Rg4 e2 44. Rg2 Bc4 45. b3 Bd3 46. Rg3 Bc2 47. Rg2 Bd3 48. b5
Kf7 49. c6 bxc6 50. Nxc6 Rxb5 51. Rg3 Bf5 52. Nd4 Rd5 53. Nf3 Rxd6 54. Rxe2 Kf6
55. Ng5 Rd1+ 56. Kf2 Rd3 57. Nf3 Rb8 58. Ne5 Rxg3 59. Kxg3 Rxb3+ 60. Kf2 Rb6 61.
Nc4 Rc6 62. Ne3 Rd6 63. Nc4 Re6 64. Ne3 g5 65. Nd5+ Kf7 66. Rd2 Rd6 67. Ke3 Be6
68. Rf2+ Kg7 69. Nf6 Bf7 70. Ne4 Re6 71. Kd4 Rg6 72. Ng3 Be6 73. Nh5+ Kh6 74.
Nf6 Kg7 75. Ke5 Bf7 76. Nh5+ Kf8 77. Kf5 Ra6 78. Nf6 Ra5+ 79. Kg4 Kg7 80. Ne4
Be6+ 81. Kg3 Rf5 82. Re2 Re5 83. Nc3 Rxe2 84. Nxe2 Kf6 85. Nd4 Bd7 86. Nf3 g4
87. Nh2 Ke5 88. Nxg4+ Bxg4 1/2-1/2

[Event "chess.com Speed 5m+1spm 2018"]
[Site "chess.com INT"]
[Date "2018.09.18"]
[Round "2.1"]
[White "Grischuk, Alexander"]
[Black "Duda, Jan-Krzysztof"]
[Result "1-0"]
[WhiteTitle "GM"]
[BlackTitle "GM"]
[WhiteElo "2766"]
[BlackElo "2737"]
[WhiteFideId "4126025"]
[BlackFideId "1170546"]
[EventDate "2018.07.24"]

1. e4 c5 2. Nc3 e6 3. Nf3 d6 4. d4 cxd4 5. Nxd4 Nf6 6. g4 h6 7. Bg2 Be7 8. Be3
Nc6 9. h3 a6 10. f4 Bd7 11. Qe2 Nxd4 12. Bxd4 Bc6 13. O-O-O Qc7 14. Kb1 e5 15.
Be3 b5 16. Nd5 Bxd5 17. exd5 Nd7 18. fxe5 Nxe5 19. Bd4 Rc8 20. h4 Bf6 21. g5 Be7
22. Be4 h5 23. g6 f6 24. Bf5 Qc4 25. Qe4 Rb8 26. Rhe1 Kd8 27. c3 a5 28. Qe3 Qc7
29. Rc1 a4 30. Rc2 Ke8 31. Qe2 Bd8 32. c4 bxc4 33. Rxc4 Qa5 34. a3 Kf8 35. Bxe5
fxe5 36. Be6 Bf6 37. Qe4 Qa7 38. Re2 Qg1+ 39. Ka2 Qb6 40. Rb4 Qd8 41. Rxb8 Qxb8
42. Qxa4 Qe8 43. Qb4 Ke7 44. Qb7+ Kf8 45. Rc2 1-0

[Event "chess.com Speed 5m+1spm 2018"]
[Site "chess.com INT"]
[Date "2018.09.18"]
[Round "2.2"]
[White "Duda, Jan-Krzysztof"]
[Black "Grischuk, Alexander"]
[Result "0-1"]
[WhiteTitle "GM"]
[BlackTitle "GM"]
[WhiteElo "2737"]
[BlackElo "2766"]
[WhiteFideId "1170546"]
[BlackFideId "4126025"]
[EventDate "2018.07.24"]

1. e4 e5 2. Nf3 Nc6 3. Bc4 Bc5 4. c3 Nf6 5. d3 d6 6. Nbd2 a5 7. Nf1 h6 8. Ng3
O-O 9. O-O Re8 10. h3 Be6 11. Bb5 Bd7 12. Re1 Ne7 13. Bxd7 Qxd7 14. d4 exd4 15.
cxd4 Bb6 16. Nh4 a4 17. Qd3 Rad8 18. Bd2 d5 19. e5 Ne4 20. Nh5 Ng6 21. Nf3 c5
22. Rxe4 dxe4 23. Qxe4 Qc6 24. Qg4 cxd4 25. Re1 Qe6 26. Qe4 Qc6 27. Qg4 Qc8 28.
Qe4 d3 29. Qxa4 Qf5 30. Ng3 Qe6 31. Re4 Ra8 32. Qb5 Rxa2 33. Qxd3 Rxb2 34. Rg4
Rd8 35. Qc3 Rb1+ 36. Kh2 Bxf2 37. Ne4 Ba7 38. Bxh6 Rb3 39. Qc2 Rxf3 40. gxf3
Qxe5+ 41. f4 Qf5 42. Bg5 Rd5 43. Kg2 Bc5 0-1

[Event "chess.com Speed 5m+1spm 2018"]
[Site "chess.com INT"]
[Date "2018.09.18"]
[Round "2.3"]
[White "Grischuk, Alexander"]
[Black "Duda, Jan-Krzysztof"]
[Result "0-1"]
[WhiteTitle "GM"]
[BlackTitle "GM"]
[WhiteElo "2766"]
[BlackElo "2737"]
[WhiteFideId "4126025"]
[BlackFideId "1170546"]
[EventDate "2018.07.24"]

1. e4 c5 2. Nc3 e6 3. Nf3 d6 4. d4 cxd4 5. Nxd4 Nf6 6. g4 h6 7. Bg2 Nc6 8. h3 g5
9. b3 Ne5 10. Bb2 a6 11. Qd2 Be7 12. O-O-O Bd7 13. Nce2 b5 14. f4 gxf4 15. Nxf4
a5 16. Rhe1 a4 17. Kb1 Qc7 18. Nd3 axb3 19. cxb3 Qa7 20. a3 Rg8 21. Nb4 Rg6 22.
Nf3 Nxf3 23. Bxf3 e5 24. Re3 Kf8 25. Rd3 Kg8 26. Qe2 Qb7 27. Rg1 Be6 28. h4 Nd7
29. Nd5 Bxh4 30. Ne3 b4 31. a4 Nc5 32. Nf5 Bg5 33. Rxd6 Bxb3 34. Rxg6+ fxg6 35.
Nd6 Qd7 36. Nb5 Rxa4 37. Bxe5 Ra2 0-1

[Event "chess.com Speed 5m+1spm 2018"]
[Site "chess.com INT"]
[Date "2018.09.18"]
[Round "2.4"]
[White "Duda, Jan-Krzysztof"]
[Black "Grischuk, Alexander"]
[Result "0-1"]
[WhiteTitle "GM"]
[BlackTitle "GM"]
[WhiteElo "2737"]
[BlackElo "2766"]
[WhiteFideId "1170546"]
[BlackFideId "4126025"]
[EventDate "2018.07.24"]

1. e4 e5 2. Nf3 Nc6 3. Bc4 Nf6 4. d3 Be7 5. Nc3 O-O 6. a3 d6 7. Be3 Kh8 8. Ng5
Qe8 9. h4 h6 10. f3 Nd4 11. Qd2 b5 12. Ba2 c6 13. O-O-O a5 14. Ne2 c5 15. Kb1 b4
16. Bxd4 cxd4 17. a4 d5 18. exd5 Bd6 19. g4 Qxa4 20. Ng3 Qb5 21. N5e4 Nxe4 22.
Nxe4 Qb6 23. h5 f6 24. Rdg1 a4 25. Bc4 b3 26. Nxd6 Qxd6 27. f4 exf4 28. Qf2 Qb6
29. c3 Re8 30. Qxd4 Qxd4 31. cxd4 Bd7 32. Rh2 Re3 33. Rf2 Rg3 34. Rgf1 Bxg4 35.
Rxf4 Bxh5 36. Kc1 Be2 37. Re1 Bxd3 38. Bxd3 Rxd3 39. d6 Rc8+ 40. Kb1 Rd8 0-1

[Event "chess.com Speed 5m+1spm 2018"]
[Site "chess.com INT"]
[Date "2018.09.18"]
[Round "2.5"]
[White "Grischuk, Alexander"]
[Black "Duda, Jan-Krzysztof"]
[Result "1-0"]
[WhiteTitle "GM"]
[BlackTitle "GM"]
[WhiteElo "2766"]
[BlackElo "2737"]
[WhiteFideId "4126025"]
[BlackFideId "1170546"]
[EventDate "2018.07.24"]

1. e4 e5 2. Nf3 Nf6 3. Nxe5 d6 4. Nf3 Nxe4 5. Bd3 Nf6 6. O-O Be7 7. Re1 O-O 8.
Bf1 Re8 9. d4 d5 10. c4 Bg4 11. Nc3 Nc6 12. cxd5 Nxd5 13. h3 Bh5 14. a3 Qd7 15.
g4 Bg6 16. Bg2 Nxc3 17. bxc3 Bd6 18. Be3 Be4 19. c4 b6 20. c5 Bf8 21. Ne5 Qd5
22. Bxe4 Qxe4 23. Nxc6 Qxc6 24. d5 Qa4 25. Qxa4 1-0

[Event "chess.com Speed 5m+1spm 2018"]
[Site "chess.com INT"]
[Date "2018.09.18"]
[Round "2.6"]
[White "Duda, Jan-Krzysztof"]
[Black "Grischuk, Alexander"]
[Result "1-0"]
[WhiteTitle "GM"]
[BlackTitle "GM"]
[WhiteElo "2737"]
[BlackElo "2766"]
[WhiteFideId "1170546"]
[BlackFideId "4126025"]
[EventDate "2018.07.24"]

1. d4 Nf6 2. Bg5 g6 3. Bxf6 exf6 4. c4 d5 5. cxd5 Qxd5 6. Nc3 Qd8 7. e3 Be7 8.
Bc4 c6 9. Nge2 Bd6 10. h4 h5 11. Qc2 Nd7 12. O-O-O Nb6 13. Bb3 Qe7 14. Kb1 Kf8
15. e4 Kg7 16. Ka1 a5 17. a3 Bc7 18. f4 Bg4 19. e5 f5 20. Rd3 Rhd8 21. Ng3 Rac8
22. Ba2 Bb8 23. Nf1 Nd5 24. Bxd5 cxd5 25. Qb3 Rd7 26. Ne3 Rcd8 27. Qb5 Qe6 28.
Qxa5 Bc7 29. Qb5 Bb6 30. Rd2 Ba7 31. Kb1 Kh6 32. Rc1 Kg7 33. Qb3 Kh6 34. Nb5 Bb8
35. Rdc2 Qe7 36. Nxg4+ fxg4 37. g3 Qe6 38. Rc8 Qf5+ 39. Ka2 Qe4 40. Rxd8 Rxd8
41. a4 Kg7 42. Rc5 Qg2 43. Rc2 Qe4 44. Rc3 Qg2 45. Qb4 Re8 46. Qc5 Qe4 47. Qb6
Qe2 48. Qxb7 Qd1 49. b3 Qh1 50. Qd7 Rf8 51. e6 Qe1 52. e7 Rg8 53. a5 Qe2+ 54.
Ka3 Qe1 55. Kb4 Bxf4 56. gxf4 g3 57. Nc7 g2 58. e8=Q g1=Q 59. Qexf7+ 1-0

[Event "chess.com Speed 5m+1spm 2018"]
[Site "chess.com INT"]
[Date "2018.09.18"]
[Round "2.7"]
[White "Grischuk, Alexander"]
[Black "Duda, Jan-Krzysztof"]
[Result "0-1"]
[WhiteTitle "GM"]
[BlackTitle "GM"]
[WhiteElo "2766"]
[BlackElo "2737"]
[WhiteFideId "4126025"]
[BlackFideId "1170546"]
[EventDate "2018.07.24"]

1. e4 e5 2. Nf3 Nf6 3. Nxe5 d6 4. Nf3 Nxe4 5. d4 d5 6. Bd3 Bf5 7. O-O Be7 8. Ne5
Nd7 9. Nxf7 Kxf7 10. Qf3 g6 11. g4 Bd6 12. gxf5 Qh4 13. fxg6+ Ke7 14. Re1 Bxh2+
15. Kg2 Raf8 16. Rxe4+ dxe4 17. Qxe4+ Qxe4+ 18. Bxe4 hxg6 19. Bg5+ Kd6 20. Na3
c6 21. Rh1 Rh5 22. Nc4+ Kc7 23. Be3 Bf4 24. Rxh5 gxh5 25. c3 Nb6 26. Nxb6 Bxe3
27. fxe3 axb6 28. Bf3 h4 29. e4 Rg8+ 30. Kh2 Rg3 31. Bg2 Re3 32. a4 Re2 33. b4
Rc2 34. Kh3 Rxc3+ 35. Kxh4 Rc4 36. Kg5 Rxd4 37. e5 Rxb4 38. Kf6 Kd8 0-1

[Event "chess.com Speed 5m+1spm 2018"]
[Site "chess.com INT"]
[Date "2018.09.18"]
[Round "2.8"]
[White "Duda, Jan-Krzysztof"]
[Black "Grischuk, Alexander"]
[Result "1-0"]
[WhiteTitle "GM"]
[BlackTitle "GM"]
[WhiteElo "2737"]
[BlackElo "2766"]
[WhiteFideId "1170546"]
[BlackFideId "4126025"]
[EventDate "2018.07.24"]

1. e4 e5 2. Nf3 Nc6 3. Bc4 Bc5 4. c3 Nf6 5. d3 d6 6. Nbd2 O-O 7. h3 a6 8. Bb3
Re8 9. Nf1 Be6 10. Ng3 Bxb3 11. axb3 h6 12. b4 Bb6 13. O-O Ne7 14. Nh4 Qd7 15.
Qf3 Qe6 16. Nhf5 Kh7 17. Kh1 Rad8 18. Nxe7 Rxe7 19. Nf5 Red7 20. Qg3 Ne8 21. f4
exf4 22. Rxf4 h5 23. Be3 d5 24. Bxb6 cxb6 25. e5 Qxe5 26. Re1 Qf6 27. Qf3 d4 28.
Qxh5+ Kg8 29. Rh4 g6 30. Qh7+ Kf8 31. Qh8+ 1-0

[Event "chess.com Speed 5m+1spm 2018"]
[Site "chess.com INT"]
[Date "2018.09.18"]
[Round "2.9"]
[White "Grischuk, Alexander"]
[Black "Duda, Jan-Krzysztof"]
[Result "1-0"]
[WhiteTitle "GM"]
[BlackTitle "GM"]
[WhiteElo "2766"]
[BlackElo "2737"]
[WhiteFideId "4126025"]
[BlackFideId "1170546"]
[EventDate "2018.07.24"]

1. e4 e5 2. Nf3 Nf6 3. Nxe5 d6 4. Nf3 Nxe4 5. Nc3 Nxc3 6. dxc3 Be7 7. Be3 Nc6 8.
Qd2 Be6 9. O-O-O Qd7 10. c4 Bf6 11. Bg5 Qe7 12. Qf4 Ne5 13. Be2 Ng6 14. Qd2 h6
15. Bxf6 Qxf6 16. Nd4 O-O 17. g3 Qxf2 18. Rdf1 Qg2 19. h4 Ne5 20. b3 Qe4 21.
Rhg1 Nc6 22. Nb5 Qe5 23. Kb1 Rac8 24. g4 a6 25. Nc3 Qd4 26. Bd3 Rce8 27. Nd5 Qc5
28. g5 Bxd5 29. cxd5 Ne5 30. gxh6 g6 31. h5 Nf3 32. Qf4 Nxg1 33. Qf6 1-0

[Event "chess.com Speed 3m+1spm 2018"]
[Site "chess.com INT"]
[Date "2018.09.18"]
[Round "2.10"]
[White "Duda, Jan-Krzysztof"]
[Black "Grischuk, Alexander"]
[Result "1-0"]
[WhiteTitle "GM"]
[BlackTitle "GM"]
[WhiteElo "2737"]
[BlackElo "2766"]
[WhiteFideId "1170546"]
[BlackFideId "4126025"]
[EventDate "2018.07.24"]

1. d4 Nf6 2. Nf3 g6 3. Bg5 Bg7 4. Nbd2 d5 5. e3 O-O 6. c3 c5 7. Be2 h6 8. Bh4
cxd4 9. cxd4 Nc6 10. a3 Ne4 11. Nxe4 dxe4 12. Nd2 f5 13. O-O g5 14. Bg3 f4 15.
exf4 gxf4 16. Bh4 Qxd4 17. Bb5 Bf5 18. Bxc6 bxc6 19. Bxe7 Rf7 20. Bb4 Rd8 21.
Bc3 Qd5 22. Nb3 Bf8 23. Qxd5 cxd5 24. Bd4 Rb8 25. Na5 Bg7 26. Bxg7 Kxg7 27. b4
Rc7 28. Rfd1 Be6 29. Nb3 Kf6 30. Nc5 Rbc8 31. f3 e3 32. Kf1 a5 33. Ke2 Rh7 34.
g3 Rg7 35. Rd4 fxg3 36. hxg3 Rxg3 37. Kxe3 Bf7 38. Rh1 Rg6 39. Rf4+ Kg7 40. Rhh4
axb4 41. axb4 Ra8 42. Rhg4 Ra1 43. Rxg6+ Kxg6 44. Nd7 Kg7 45. Kd4 h5 46. Ne5 Be6
47. b5 Rb1 48. Kc5 Bg8 49. b6 Kh6 50. Rf6+ Kg5 51. Rg6+ Kf5 52. Rxg8 Kxe5 53.
Rh8 Rc1+ 54. Kb5 Rb1+ 55. Kc6 d4 56. Rxh5+ Kf4 57. Rd5 Ke3 58. f4 d3 59. f5 d2
60. f6 Rc1+ 61. Kb5 Rb1+ 62. Kc5 Rc1+ 63. Kb5 Rb1+ 64. Kc6 Rc1+ 65. Kd7 Rb1 66.
f7 Rf1 67. Ke8 Rf5 68. Rxf5 d1=Q 69. f8=Q Qc2 70. Qe7+ Kd3 71. Qd6+ Ke4 72. Qe6+
Kd4 73. Rd5+ 1-0

[Event "chess.com Speed 3m+1spm 2018"]
[Site "chess.com INT"]
[Date "2018.09.18"]
[Round "2.11"]
[White "Grischuk, Alexander"]
[Black "Duda, Jan-Krzysztof"]
[Result "0-1"]
[WhiteTitle "GM"]
[BlackTitle "GM"]
[WhiteElo "2766"]
[BlackElo "2737"]
[WhiteFideId "4126025"]
[BlackFideId "1170546"]
[EventDate "2018.07.24"]

1. e4 e5 2. Nf3 Nf6 3. Nxe5 d6 4. Nf3 Nxe4 5. Nc3 Nxc3 6. dxc3 Nc6 7. Be3 Be7 8.
Bc4 Be6 9. Bxe6 fxe6 10. Qd3 Qd7 11. O-O-O O-O-O 12. c4 Kb8 13. Rhe1 Bf6 14. Qa3
h6 15. Kb1 Rhf8 16. b4 b6 17. c5 d5 18. c4 Qf7 19. Qa4 Qg6+ 20. Kc1 Qe4 21. Nd2
Qd3 22. cxb6 axb6 23. b5 Qc3+ 24. Qc2 Nb4 25. Qxc3 Nxa2+ 26. Kc2 Nxc3 27. Ra1
dxc4 28. Nxc4 Nxb5 29. Rab1 Nd4+ 30. Kc1 Rd5 31. Rb4 Nc6 32. Ra4 b5 33. Ra6 Kb7 0-1

[Event "chess.com Speed 3m+1spm 2018"]
[Site "chess.com INT"]
[Date "2018.09.18"]
[Round "2.12"]
[White "Duda, Jan-Krzysztof"]
[Black "Grischuk, Alexander"]
[Result "0-1"]
[WhiteTitle "GM"]
[BlackTitle "GM"]
[WhiteElo "2737"]
[BlackElo "2766"]
[WhiteFideId "1170546"]
[BlackFideId "4126025"]
[EventDate "2018.07.24"]

1. e4 c5 2. Nf3 d6 3. d4 cxd4 4. Nxd4 Nf6 5. Nc3 a6 6. g3 e5 7. Nb3 Be7 8. Bg2
O-O 9. a4 Be6 10. O-O Nbd7 11. Re1 Rc8 12. Nd2 h6 13. Nf1 Re8 14. Ne3 Qc7 15. a5
Nf8 16. Bd2 N8h7 17. h4 Qd7 18. Na4 Bd8 19. b3 d5 20. exd5 Nxd5 21. Nxd5 Bxd5
22. Bxh6 Nf6 23. Bg5 Bxg2 24. Qxd7 Nxd7 25. Kxg2 f6 26. Red1 fxg5 27. Rxd7 Rxc2
28. h5 e4 29. Re1 Bxa5 30. Re3 b5 31. Rd6 bxa4 32. bxa4 Bb4 33. Rxa6 Bc5 34. Rc6
Re5 35. a5 Ra2 36. Rc3 Bxf2 37. Kh3 e3 38. Rc8+ Kh7 39. Rf8 g4+ 40. Kh4 Be1 41.
Rcc8 Rh2+ 42. Kxg4 Rhxh5 43. Rh8+ Kg6 44. Rxh5 Rxh5 45. Rc6+ Kf7 46. Kxh5 e2 47.
Rc7+ Ke6 48. Rc2 Bd2 49. Rxd2 e1=Q 50. Ra2 Qe5+ 51. Kg4 Qe4+ 52. Kh3 Qf5+ 53.
Kh2 Qh5+ 54. Kg1 Qd1+ 55. Kh2 Qd5 56. Re2+ Kf7 57. Rf2+ Kg8 58. a6 Qa5 59. Rf4
Qxa6 60. Kh3 Qh6+ 61. Kg2 Qe6 62. Kh2 g5 63. Rf2 Kg7 64. Kg2 Kg6 65. Rd2 Qe4+
66. Kf2 Kh5 67. Re2 Qd5 0-1